[Event "Quebec-ch classe U1800"]
[Site "Repentigny CAN"]
[Date "2003.11.23"]
[Round "4"]
[White "Dupont, Alain"]
[Black "Garceau, Steve"]
[Result "1/2-1/2"]
[WhiteElo "1672"]
[BlackElo "1745"]
[PlyCount "96"]
[EventDate "2003.11.21"]
[EventType "swiss"]
[EventRounds "5"]
[EventCountry "CAN"]

1. e4 c5 2. Nf3 Nc6 3. d4 cxd4 4. Nxd4 d6 5. Bc4 g6 6. c3 Bg7 7. Be3 Nf6 8. f3
O-O 9. Na3 d5 10. exd5 Nxd5 11. Nxc6 bxc6 12. Bf2 Qa5 13. O-O Rd8 14. Qc1 Ba6
15. b4 Qa4 16. Bb3 Nxc3 17. Bxa4 Ne2+ 18. Kh1 Nxc1 19. Raxc1 Bxf1 20. Rxf1 Rd2
21. Bb3 Bd4 22. Bxd4 Rxd4 23. Rd1 Rxb4 24. Nc4 Kf8 25. Ne5 f6 26. Nxc6 Rb6 27.
Nd4 e5 28. Ne6+ Ke7 29. Nc7 Rxb3 30. axb3 Rb8 31. b4 Rb7 32. Nd5+ Ke6 33. Kg1
Rd7 34. Nc3 Rxd1+ 35. Nxd1 Kd5 36. Nb2 Kd4 37. b5 Kc5 38. b6 Kxb6 39. Kf2 Kb5
40. Ke3 a5 41. Kd3 Kb4 42. Ke4 Kb3 43. Nd3 Kc3 44. Nc5 Kc4 45. Na4 Kb4 46. Nb6
Kc5 47. Na4+ Kd6 48. g4 Kc6 1/2-1/2

[Event "Quebec-ch classe U1800"]
[Site "Repentigny CAN"]
[Date "2003.11.23"]
[Round "4"]
[White "Lanzilotta, Marcelo"]
[Black "Rodriguez, Aaron"]
[Result "1-0"]
[WhiteElo "1732"]
[BlackElo "1738"]
[PlyCount "73"]
[EventDate "2003.11.21"]
[EventType "swiss"]
[EventRounds "5"]
[EventCountry "CAN"]

1. e4 g6 2. d4 Bg7 3. Be3 d6 4. Bc4 Nf6 5. Nc3 O-O 6. f3 Nc6 7. Nge2 e5 8. Qd2
Nh5 9. g4 Nf4 10. O-O-O exd4 11. Nxd4 Ne6 12. Nxc6 bxc6 13. f4 c5 14. f5 Nd4
15. Bg5 Nf3 16. Bxd8 Nxd2 17. Bd5 Rxd8 18. Bxa8 Nc4 19. Bd5 Ne3 20. Rde1 Bh6
21. Kb1 Bd7 22. g5 Bxg5 23. Bb3 c4 24. Ba4 Bxa4 25. Nxa4 c3 26. Nxc3 Nc4 27.
Rhg1 Bh6 28. Nd5 Rb8 29. b3 Bd2 30. Re2 Na3+ 31. Kb2 Nc4+ 32. Ka1 c6 33. bxc4
Ba5 34. Rb1 Rd8 35. Ne7+ Kg7 36. Rb7 Bc3+ 37. Kb1 1-0

[Event "Quebec-ch classe U1800"]
[Site "Repentigny CAN"]
[Date "2003.11.23"]
[Round "4"]
[White "Lawson, Jonathan"]
[Black "Desjardins, Michel"]
[Result "0-1"]
[WhiteElo "1684"]
[BlackElo "1760"]
[PlyCount "66"]
[EventDate "2003.11.21"]
[EventType "swiss"]
[EventRounds "5"]
[EventCountry "CAN"]

1. e4 d5 2. exd5 Qxd5 3. Nc3 Qd6 4. d4 Nf6 5. Nf3 a6 6. Be3 e6 7. Be2 b5 8. Ne5
Bb7 9. Bf3 Nd5 10. O-O Be7 11. Bh5 O-O 12. Qg4 Nf6 13. Qh3 Nxh5 14. Qxh5 Nd7
15. f4 Nf6 16. Qh3 Qb6 17. f5 exf5 18. Qxf5 Rad8 19. Rf4 Bd6 20. Qxf6 gxf6 21.
Rg4+ Kh8 22. Bh6 Qxd4+ 23. Rxd4 Bxe5 24. Bxf8 Bxd4+ 25. Kf1 Rxf8 26. Rd1 c5 27.
Rd3 Rg8 28. g3 Rg5 29. Ne2 Bxb2 30. Rd7 Bd5 31. Nf4 Bxa2 32. h4 Rxg3 33. Nh5
Rg8 0-1

[Event "Quebec-ch classe U1800"]
[Site "Repentigny CAN"]
[Date "2003.11.23"]
[Round "4"]
[White "Paquin, Pierre"]
[Black "Rozybakiyev, Rasul"]
[Result "1/2-1/2"]
[WhiteElo "1721"]
[BlackElo "1652"]
[PlyCount "205"]
[EventDate "2003.11.21"]
[EventType "swiss"]
[EventRounds "5"]
[EventCountry "CAN"]

1. b4 e6 2. Bb2 Nf6 3. b5 c6 4. a4 d5 5. e3 Be7 6. f4 Nbd7 7. Nf3 c5 8. c4 Nb6
9. Ne5 dxc4 10. Nxc4 Nxc4 11. Bxc4 b6 12. d3 Bb7 13. O-O O-O 14. Nd2 Nd5 15.
Qe2 Bf6 16. Bxf6 Qxf6 17. Ne4 Qe7 18. Rac1 Nf6 19. Ng5 h6 20. Nf3 Nd5 21. Ne1
Qf6 22. Bxd5 Bxd5 23. Nf3 Bb7 24. Ne5 Rfd8 25. e4 Rd4 26. Rc4 Rad8 27. Qe3 Rxc4
28. Nxc4 Qd4 29. Qxd4 Rxd4 30. Nb2 Rb4 31. Rf2 a6 32. bxa6 Bxa6 33. Rd2 Rd4 34.
Kf2 f5 35. Ke3 Rb4 36. e5 Rb3 37. Rc2 Rb4 38. g3 Kf7 39. h4 g6 40. Kd2 Ke7 41.
Kc3 Rd4 42. Rc1 h5 43. Ra1 Kd7 44. Ra3 Kc6 45. Rb3 Rd7 46. Kc2 Rd4 47. Ra3 Rd7
48. Nd1 Rd4 49. Ne3 Rd7 50. Kd2 Rd4 51. Nc2 Rd7 52. Ke3 Kc7 53. d4 Kb7 54. a5
c4 55. axb6 Kxb6 56. Kd2 Rd5 57. Kc3 Rd8 58. Ra4 Rc8 59. Rb4+ Kc6 60. Rb2 Bb5
61. Nb4+ Kb6 62. d5 exd5 63. Nxd5+ Kc5 64. Ne3 Rd8 65. Rd2 Rxd2 66. Kxd2 Kd4
67. Nc2+ Ke4 68. Na3 Ba6 69. e6 Bc8 70. e7 Bd7 71. Nxc4 Kd5 72. Nb6+ Ke6 73.
Ke3 Kxe7 74. Kd4 Be6 75. Ke5 Kf7 76. Na4 Ke7 77. Nc5 Bc4 78. Nb7 Bb3 79. Na5
Ba4 80. Nb7 Bb3 81. Nc5 Bc4 82. Kd4 Ba2 83. Nd3 Bb3 84. Ne5 Bf7 85. Kc5 Be8 86.
Kd5 Bf7+ 87. Kc6 Be8+ 88. Kc7 Bf7 89. Nc6+ Ke8 90. Kd6 Bb3 91. Ke5 Kf7 92. Nd4
Bc4 93. Nf3 Ke7 94. Ng5 Bf7 95. Nh7 Ba2 96. Nf6 Bb3 97. Nxh5 gxh5 98. Kxf5 Bd1
99. Kg6 Bg4 100. f5 Kf8 101. f6 Bf3 102. f7 Bg4 103. Kf6 1/2-1/2

[Event "Quebec-ch classe U1800"]
[Site "Repentigny CAN"]
[Date "2003.11.23"]
[Round "5"]
[White "Lanzilotta, Marcelo"]
[Black "Cloutier, Richard"]
[Result "1/2-1/2"]
[WhiteElo "1732"]
[BlackElo "1701"]
[PlyCount "82"]
[EventDate "2003.11.21"]
[EventType "swiss"]
[EventRounds "5"]
[EventCountry "CAN"]

1. e4 c5 2. c3 d5 3. exd5 Qxd5 4. d4 e6 5. Nf3 Nc6 6. Be3 cxd4 7. cxd4 Nf6 8.
Nc3 Qd8 9. a3 a6 10. Bc4 Be7 11. O-O O-O 12. Re1 b5 13. Bb3 Na5 14. Ba2 Bb7 15.
Ne5 Rc8 16. Qd3 Nd5 17. Bd2 Nxc3 18. Bxc3 Nc6 19. Nxf7 Rxf7 20. Bxe6 Bf6 21.
Qf3 Rcc7 22. d5 Bxc3 23. bxc3 Na5 24. Re5 Nc4 25. Rf5 Nd6 26. Bxf7+ Rxf7 27.
Rxf7 Nxf7 28. Re1 h6 29. Qf5 Nd6 30. Qe6+ Kh7 31. h4 Bc8 32. Qe5 Bf5 33. f3 Bd3
34. Qd4 Bc4 35. Qe5 Qd7 36. h5 Qd8 37. Re3 a5 38. g4 Qf6 39. Qxf6 gxf6 40. Re6
Nf7 41. Rxf6 Bxd5 1/2-1/2

[Event "Quebec-ch classe U1800"]
[Site "Repentigny CAN"]
[Date "2003.11.23"]
[Round "5"]
[White "Louis, Jean-Kenel"]
[Black "Lawson, Jonathan"]
[Result "0-1"]
[WhiteElo "1619"]
[BlackElo "1684"]
[PlyCount "50"]
[EventDate "2003.11.21"]
[EventType "swiss"]
[EventRounds "5"]
[EventCountry "CAN"]

1. Nf3 Nf6 2. g3 g6 3. Bg2 Bg7 4. O-O d6 5. d3 O-O 6. e4 e5 7. Nbd2 Nc6 8. c3
Ne8 9. Nh4 f5 10. Qb3+ Kh8 11. exf5 gxf5 12. Qd1 Nf6 13. Ndf3 Rg8 14. Ng5 Qe8
15. Qb3 h6 16. Nh3 Bf8 17. Bd2 f4 18. Rfe1 Qh5 19. Qd1 Bg4 20. Bf3 Qxh4 21.
Bxg4 Rxg4 22. f3 Rxg3+ 23. hxg3 Qxg3+ 24. Kh1 Qxh3+ 25. Kg1 Be7 0-1

[Event "Quebec-ch classe U1800"]
[Site "Repentigny CAN"]
[Date "2003.11.23"]
[Round "5"]
[White "Malafarina, Luc"]
[Black "Dupont, Alain"]
[Result "0-1"]
[WhiteElo "1718"]
[BlackElo "1672"]
[PlyCount "98"]
[EventDate "2003.11.21"]
[EventType "swiss"]
[EventRounds "5"]
[EventCountry "CAN"]

1. e4 e6 2. d4 d5 3. e5 c5 4. c3 Nc6 5. Nf3 Qb6 6. a3 c4 7. Be2 Na5 8. Nfd2 Bd7
9. a4 Be7 10. O-O f6 11. f4 Nh6 12. Nf3 Nf5 13. g4 Nb3 14. Ra2 Nxc1 15. Qxc1
Nh6 16. h3 O-O-O 17. a5 Qc7 18. Qe3 Rdf8 19. Nbd2 Nf7 20. b3 Bb5 21. bxc4 dxc4
22. Rb1 a6 23. Rbb2 fxe5 24. fxe5 g5 25. Nb1 h5 26. gxh5 Rxh5 27. Nh2 g4 28.
Bxg4 Rxe5 29. Qg3 Rg5 30. Qxc7+ Kxc7 31. Na3 Nd6 32. Rf2 Rxf2 33. Rxf2 Ne4 34.
Nxb5+ axb5 35. Rf3 b4 36. cxb4 c3 37. Re3 c2 38. Re1 Rxg4+ 39. Nxg4 Bg5 40. Kg2
c1=Q 41. Rxc1+ Bxc1 42. Kf3 Ng5+ 43. Kg3 Bd2 44. h4 Nf7 45. b5 Bxa5 46. h5 Bd2
47. Kf3 Kd6 48. Nf6 Kc7 49. Ne4 Ng5+ 0-1

[Event "Quebec-ch classe U1800"]
[Site "Repentigny CAN"]
[Date "2003.11.23"]
[Round "5"]
[White "Rodriguez, Aaron"]
[Black "Paquin, Pierre"]
[Result "1-0"]
[WhiteElo "1738"]
[BlackElo "1721"]
[PlyCount "49"]
[EventDate "2003.11.21"]
[EventType "swiss"]
[EventRounds "5"]
[EventCountry "CAN"]

1. e4 c5 2. Nf3 d6 3. d4 cxd4 4. Nxd4 Nf6 5. Nc3 Nc6 6. Be3 Bd7 7. f3 g6 8. Qd2
Bg7 9. O-O-O O-O 10. g4 Re8 11. h4 Rc8 12. Be2 Ne5 13. h5 Nc4 14. Bxc4 Rxc4 15.
hxg6 hxg6 16. Qh2 Rxc3 17. bxc3 Qa5 18. Bh6 Bh8 19. Bf8 Nh5 20. gxh5 Qxc3 21.
Rd3 Qc5 22. hxg6 Qg5+ 23. f4 Qf6 24. g7 Bxg7 25. Bxg7 1-0

[Event "Quebec-ch classe U1800"]
[Site "Repentigny CAN"]
[Date "2003.11.23"]
[Round "5"]
[White "Rozybakiyev, Rasul"]
[Black "Maheux, Pierre"]
[Result "1-0"]
[WhiteElo "1652"]
[BlackElo "1746"]
[PlyCount "101"]
[EventDate "2003.11.21"]
[EventType "swiss"]
[EventRounds "5"]
[EventCountry "CAN"]

1. e4 c5 2. c3 d5 3. exd5 Qxd5 4. d4 Nc6 5. Nf3 Bg4 6. Be2 O-O-O 7. c4 Qd6 8.
d5 Bxf3 9. Bxf3 Nd4 10. Be3 e5 11. Nc3 f5 12. g3 Nf6 13. Bg2 Be7 14. O-O h5 15.
f4 e4 16. Bxd4 cxd4 17. Qxd4 Qc5 18. Ne2 h4 19. Bh3 g6 20. Kg2 hxg3 21. hxg3 e3
22. Rf3 Qc7 23. a3 Rxh3 24. Kxh3 Ng4 25. Qg7 Bf6 26. Qxc7+ Kxc7 27. Kg2 Bxb2
28. Rh1 Bxa3 29. Nd4 Bb4 30. Ne6+ Kc8 31. Nxd8 Kxd8 32. Kf1 a5 33. Ke2 Bc5 34.
Rh7 b6 35. Rf1 Bd4 36. Rd1 Bc5 37. d6 Nf2 38. Rd5 Ne4 39. Rxc5 bxc5 40. Kxe3
Nxd6 41. Kd3 Ne4 42. Rg7 Nxg3 43. Rxg6 Ne4 44. Ra6 Ke7 45. Rxa5 Ke6 46. Ra6+
Ke7 47. Ra1 Nf2+ 48. Ke3 Ne4 49. Rd1 Ke8 50. Rd5 Nf6 51. Re5+ 1-0

[Event "Quebec-ch classe U1800"]
[Site "Repentigny CAN"]
[Date "2003.11.23"]
[Round "5"]
[White "Vivier, Christian"]
[Black "Ranger, Denis"]
[Result "1/2-1/2"]
[WhiteElo "1786"]
[BlackElo "1653"]
[PlyCount "98"]
[EventDate "2003.11.21"]
[EventType "swiss"]
[EventRounds "5"]
[EventCountry "CAN"]

1. e4 g6 2. d4 Bg7 3. Nf3 c5 4. c3 cxd4 5. cxd4 Nc6 6. Nc3 d6 7. h3 f5 8. Bc4
fxe4 9. Ng5 Nxd4 10. Bf7+ Kf8 11. O-O Nh6 12. Bd5 e6 13. Bxe4 d5 14. Bd3 Nhf5
15. Ne2 h6 16. Nxd4 hxg5 17. Nf3 Bf6 18. Bd2 e5 19. Bb4+ Kg7 20. Bb5 e4 21. Nh2
Nd4 22. Be2 Bxh3 23. gxh3 Rxh3 24. Bg4 Rxh2 25. Kxh2 Qc7+ 26. Kg2 Rh8 27. Rh1
Rh4 28. Rxh4 gxh4 29. Bc3 Qb6 30. Bxd4 Bxd4 31. Qc2 Qf6 32. Qe2 Qe5 33. Rc1 e3
34. Qf3 exf2 35. Rf1 b6 36. Rxf2 Bxf2 37. Qxf2 d4 38. Qf3 a5 39. Kh3 Qe1 40.
Bd7 d3 41. Bb5 d2 42. Be2 b5 43. Qc3+ Kh7 44. Qc7+ Kh6 45. Qf4+ Kg7 46. Qe5+
Kf7 47. Qf4+ Kg7 48. Qc7+ Kh6 49. Qf4+ Kg7 1/2-1/2

[Event "Quebec-ch classe U2000"]
[Site "Repentigny CAN"]
[Date "2003.11.21"]
[Round "1"]
[White "Deschesnes, Jean"]
[Black "Rodriguez, Herver"]
[Result "1/2-1/2"]
[WhiteElo "1761"]
[BlackElo "1848"]
[PlyCount "37"]
[EventDate "2003.11.21"]
[EventType "swiss"]
[EventRounds "5"]
[EventCountry "CAN"]

1. Nf3 Nf6 2. d4 g6 3. g3 Bg7 4. Bg2 O-O 5. O-O d6 6. c4 Nc6 7. Nc3 Rb8 8. d5
Na5 9. Nd2 b6 10. e4 Nd7 11. f4 e5 12. f5 Ba6 13. Qe2 Bh6 14. b3 Bc8 15. Nf3
Bxc1 16. Raxc1 g5 17. g4 a6 18. Qe3 f6 19. Rfd1 1/2-1/2

[Event "Quebec-ch classe U2000"]
[Site "Repentigny CAN"]
[Date "2003.11.21"]
[Round "1"]
[White "Forget, Luc"]
[Black "Plante, Michel"]
[Result "0-1"]
[WhiteElo "1807"]
[BlackElo "1943"]
[PlyCount "102"]
[EventDate "2003.11.21"]
[EventType "swiss"]
[EventRounds "5"]
[EventCountry "CAN"]

1. c4 e6 2. Nf3 d5 3. e3 Nf6 4. Nc3 c6 5. d4 Nbd7 6. Bd3 dxc4 7. Bxc4 b5 8. Bd3
Bb7 9. O-O a6 10. e4 c5 11. e5 cxd4 12. exf6 dxc3 13. Re1 Qxf6 14. bxc3 Bxf3
15. Qxf3 Qxf3 16. gxf3 Rc8 17. Be4 Nc5 18. Bc2 Nb7 19. a4 b4 20. Be4 Na5 21.
cxb4 Bxb4 22. Rd1 Ke7 23. Ba3 Bxa3 24. Rxa3 Rhd8 25. Rxd8 Kxd8 26. Bd3 Rc6 27.
Be2 Kc7 28. f4 g6 29. h4 h5 30. Re3 Rc1+ 31. Kg2 Nc4 32. Re4 Nd6 33. Rb4 a5 34.
Rb3 Rc5 35. Bd3 Nf5 36. Bxf5 Rxf5 37. Kg3 Rc5 38. Rd3 Rc4 39. Ra3 Kd6 40. Rd3+
Ke7 41. Ra3 Kf6 42. f3 Kf5 43. Rb3 Rxa4 44. Rb5+ Kf6 45. f5 gxf5 46. f4 Ra1 47.
Rb6 a4 48. Ra6 a3 49. Kg2 a2 50. Kh2 Ke7 51. Kg2 e5 0-1

[Event "Quebec-ch classe U2000"]
[Site "Repentigny CAN"]
[Date "2003.11.21"]
[Round "1"]
[White "Gilbert, Erick"]
[Black "Benoit-Deschamps, Jean-Marc"]
[Result "1/2-1/2"]
[WhiteElo "1949"]
[BlackElo "1818"]
[PlyCount "84"]
[EventDate "2003.11.21"]
[EventType "swiss"]
[EventRounds "5"]
[EventCountry "CAN"]

1. Nf3 c5 2. b3 d6 3. e3 Nc6 4. Bb2 e6 5. d4 cxd4 6. exd4 Nf6 7. Nbd2 Be7 8. a3
a5 9. Bb5 O-O 10. a4 Bd7 11. c3 Rc8 12. O-O Na7 13. Bd3 Nd5 14. c4 Nb4 15. Bb1
d5 16. Ne5 Bf6 17. Re1 Nac6 18. Re3 g6 19. Rh3 Nxe5 20. dxe5 Bg7 21. Bc3 Qc7
22. f4 Qc5+ 23. Kh1 Bc6 24. Bb2 Rfd8 25. Qe2 Rd7 26. Rc3 Qf8 27. Bd3 Rcd8 28.
Nf3 dxc4 29. Bxc4 Nd5 30. Bxd5 Bxd5 31. Ba3 Bxf3 32. Rxf3 Qe8 33. Rff1 Rd2 34.
Qf3 R8d7 35. Qc3 b6 36. Rac1 Bf8 37. Bxf8 Qxf8 38. Qe3 Qb4 39. Rc4 Qa3 40. h3
R7d3 41. Qxb6 Qxb3 42. Qxb3 Rxb3 1/2-1/2

[Event "Quebec-ch classe U2000"]
[Site "Repentigny CAN"]
[Date "2003.11.21"]
[Round "1"]
[White "Lalonde, Jean-Louis"]
[Black "Poirier, Erik"]
[Result "1-0"]
[WhiteElo "1847"]
[BlackElo "1985"]
[PlyCount "93"]
[EventDate "2003.11.21"]
[EventType "swiss"]
[EventRounds "5"]
[EventCountry "CAN"]

1. d4 Nf6 2. Nf3 e6 3. e3 b6 4. c4 Bb7 5. Nc3 Bb4 6. Bd2 O-O 7. Bd3 Bxc3 8.
Bxc3 Ne4 9. Bb4 d6 10. O-O f5 11. Ne1 c5 12. Ba3 Nc6 13. f3 Qg5 14. Qe2 Nf6 15.
Nc2 Rfe8 16. Qf2 Qg6 17. Rfe1 e5 18. d5 Ne7 19. e4 f4 20. Kf1 Qh6 21. g4 g5 22.
Ke2 Ng6 23. Rh1 Kf7 24. Ne1 Qh3 25. Kd2 Nh4 26. Bf1 Qxg4 27. fxg4 Nxe4+ 28. Ke2
Nxf2 29. Kxf2 e4 30. b3 e3+ 31. Ke2 b5 32. Nf3 Nxf3 33. Kxf3 bxc4 34. Bxc4 Re5
35. h4 Rae8 36. hxg5 e2 37. Rae1 Re3+ 38. Kf2 Kg6 39. Bc1 R3e4 40. Rh6+ Kxg5
41. Rxh7 R8e7 42. Rxe7 Rxe7 43. Rxe2 Rh7 44. Kf3 Rh3+ 45. Ke4 Bc8 46. Bxf4+
Kxg4 47. Rg2+ 1-0

[Event "Quebec-ch classe U2000"]
[Site "Repentigny CAN"]
[Date "2003.11.21"]
[Round "1"]
[White "Miron, Francois"]
[Black "Ye, Ling Feng"]
[Result "1-0"]
[WhiteElo "1983"]
[BlackElo "1831"]
[PlyCount "97"]
[EventDate "2003.11.21"]
[EventType "swiss"]
[EventRounds "5"]
[EventCountry "CAN"]

1. e4 c5 2. Nc3 e6 3. f4 Nc6 4. Nf3 d6 5. Bc4 Nf6 6. d3 Be7 7. O-O O-O 8. Qe1
a6 9. a4 d5 10. Ba2 dxe4 11. dxe4 Nb4 12. Qe2 b5 13. Bb1 bxa4 14. Nxa4 a5 15.
Rd1 Qc7 16. c3 Ba6 17. Qe1 Nc6 18. e5 Nd7 19. Rxd7 Qxd7 20. Nb6 Qc7 21. Nxa8
Rxa8 22. f5 exf5 23. e6 Bc4 24. Bxf5 Bxe6 25. Bxe6 fxe6 26. Qxe6+ Kh8 27. Bg5
Rf8 28. Rd1 Bxg5 29. Nxg5 Ne5 30. Rd5 Ng6 31. g3 c4 32. Qa6 Qe7 33. Qe6 Qa7+
34. Rd4 a4 35. Kg2 Qb7+ 36. Kh3 h6 37. Qxg6 hxg5 38. Qxg5 Qc8+ 39. Qg4 Rf5 40.
Rd8+ Qxd8 41. Qxf5 Qc7 42. Qh5+ Kg8 43. Qe8+ Kh7 44. Qxa4 Qc8+ 45. g4 Qe6 46.
Qc2+ Kh8 47. Qf2 Qe4 48. Qf8+ Kh7 49. Qf5+ 1-0

[Event "Quebec-ch classe U2000"]
[Site "Repentigny CAN"]
[Date "2003.11.22"]
[Round "2"]
[White "Benoit-Deschamps, Jean-Marc"]
[Black "Maxant, Joseph"]
[Result "1/2-1/2"]
[WhiteElo "1818"]
[BlackElo "1800"]
[PlyCount "102"]
[EventDate "2003.11.21"]
[EventType "swiss"]
[EventRounds "5"]
[EventCountry "CAN"]

1. d4 e6 2. c4 f5 3. Nc3 Nf6 4. Bg5 Be7 5. e3 d5 6. Nf3 O-O 7. Bd3 Ne4 8. Bxe7
Qxe7 9. cxd5 Nxc3 10. bxc3 exd5 11. Ne5 Qg5 12. g3 Nd7 13. f4 Qe7 14. Qf3 Nxe5
15. fxe5 Be6 16. O-O g6 17. h4 c6 18. Qf4 Rac8 19. Rf2 c5 20. Raf1 cxd4 21.
cxd4 h5 22. Qh6 Qg7 23. Qg5 Rf7 24. Kg2 Kh7 25. g4 hxg4 26. h5 Qh6 27. hxg6+
Qxg6 28. Bxf5 Bxf5 29. Rxf5 Rxf5 30. Qxf5 Qxf5 31. Rxf5 Kg6 32. Rf4 b5 33.
Rxg4+ Kf7 34. Rf4+ Ke7 35. Rf6 Rc2+ 36. Rf2 Rc3 37. Kf3 a5 38. Kf4 b4 39. e4
Rd3 40. exd5 Rxd4+ 41. Kf5 Rxd5 42. Rh2 a4 43. Rh7+ Kd8 44. Ke6 Rd2 45. Rh4 b3
46. Rxa4 Rxa2 47. Rb4 Rb2 48. Rd4+ Kc8 49. Rd3 Rb1 50. Rh3 Kd8 51. Rd3+ Ke8
1/2-1/2

[Event "Quebec-ch classe U2000"]
[Site "Repentigny CAN"]
[Date "2003.11.22"]
[Round "2"]
[White "Gauthier, Denis"]
[Black "Paduano, Gennaro"]
[Result "1/2-1/2"]
[WhiteElo "1967"]
[BlackElo "1820"]
[PlyCount "62"]
[EventDate "2003.11.21"]
[EventType "swiss"]
[EventRounds "5"]
[EventCountry "CAN"]

1. d4 Nf6 2. c4 e6 3. Nf3 Bb4+ 4. Nbd2 O-O 5. a3 Bxd2+ 6. Bxd2 Ne4 7. e3 b6 8.
Bd3 Bb7 9. O-O d6 10. Qe2 Nd7 11. Rad1 Nxd2 12. Nxd2 c5 13. Ne4 Nf6 14. Ng3 Qc7
15. Bb1 Rac8 16. b3 Rfd8 17. e4 cxd4 18. Rxd4 Qc5 19. Qb2 e5 20. Rd2 g6 21. Bd3
a5 22. b4 axb4 23. axb4 Qc7 24. f3 b5 25. Rc1 bxc4 26. Bxc4 d5 27. exd5 Bxd5
28. Rdc2 Bxc4 29. Rxc4 Qxc4 30. Rxc4 Rxc4 31. h3 Rdd4 1/2-1/2

[Event "Quebec-ch classe U2000"]
[Site "Repentigny CAN"]
[Date "2003.11.22"]
[Round "2"]
[White "Lalonde, Paul"]
[Black "Ye, Ling Feng"]
[Result "1-0"]
[WhiteElo "1979"]
[BlackElo "1831"]
[PlyCount "45"]
[EventDate "2003.11.21"]
[EventType "swiss"]
[EventRounds "5"]
[EventCountry "CAN"]

1. e4 c5 2. Nf3 e6 3. d4 cxd4 4. Nxd4 Nf6 5. Nc3 d6 6. Bc4 a6 7. O-O Be7 8. Bb3
O-O 9. Be3 Nc6 10. f4 Qc7 11. f5 exf5 12. Nxf5 Bxf5 13. Rxf5 Ne5 14. Bd4 Ng6
15. Qd2 Qd7 16. Raf1 Nh4 17. Rxf6 Bxf6 18. Rxf6 Qg4 19. Rf4 Qh5 20. Qf2 g5 21.
g4 Qg6 22. Rf6 Qg7 23. Rxd6 1-0

[Event "Quebec-ch classe U2000"]
[Site "Repentigny CAN"]
[Date "2003.11.22"]
[Round "2"]
[White "Libersan, Thierry"]
[Black "Miron, Francois"]
[Result "1-0"]
[WhiteElo "1927"]
[BlackElo "1983"]
[PlyCount "107"]
[EventDate "2003.11.21"]
[EventType "swiss"]
[EventRounds "5"]
[EventCountry "CAN"]

1. e4 c5 2. Nf3 Nc6 3. d4 cxd4 4. Nxd4 Nf6 5. Nc3 e5 6. Ndb5 d6 7. Bg5 a6 8.
Na3 b5 9. Nd5 Be7 10. Bxf6 Bxf6 11. c3 O-O 12. Nc2 Bg5 13. h4 Bh6 14. g4 f6 15.
a4 bxa4 16. Nce3 Bxe3 17. Nxe3 Be6 18. Qxa4 Qd7 19. Bc4 Bf7 20. O-O-O Ra7 21.
Nf5 Ne7 22. Qxd7 Rxd7 23. Nxe7+ Rxe7 24. Bxf7+ Kxf7 25. Rxd6 Ra8 26. Rhd1 Raa7
27. Kc2 Re6 28. Rd7+ Re7 29. Rxe7+ Kxe7 30. b4 Ke6 31. c4 Rc7 32. Kb3 g6 33. f3
f5 34. b5 axb5 35. cxb5 h5 36. g5 fxe4 37. fxe4 Rc5 38. Kb4 Rc2 39. b6 Rb2+ 40.
Kc5 Rc2+ 41. Kb5 Rb2+ 42. Kc6 Rc2+ 43. Kb7 Rc4 44. Re1 Kd7 45. Rd1+ Ke6 46. Rf1
Rxe4 47. Rf6+ Ke7 48. Rxg6 Rxh4 49. Rc6 Kd7 50. Rc7+ Kd6 51. Kc8 Rf4 52. Rd7+
Kc6 53. b7 Rb4 54. Rc7+ 1-0

[Event "Quebec-ch classe U2000"]
[Site "Repentigny CAN"]
[Date "2003.11.22"]
[Round "2"]
[White "Plante, Michel"]
[Black "Lalonde, Jean-Louis"]
[Result "1-0"]
[WhiteElo "1943"]
[BlackElo "1847"]
[PlyCount "85"]
[EventDate "2003.11.21"]
[EventType "swiss"]
[EventRounds "5"]
[EventCountry "CAN"]

1. d4 Nf6 2. Nf3 g6 3. Bg5 Bg7 4. Nbd2 c5 5. Bxf6 Bxf6 6. Ne4 Qb6 7. Nxf6+ Qxf6
8. c3 cxd4 9. Qxd4 Qxd4 10. cxd4 d5 11. e3 Nc6 12. Bb5 f6 13. Bxc6+ bxc6 14.
Kd2 Kd7 15. Rhc1 Kd6 16. Ne1 Ba6 17. Rc5 Rab8 18. b3 e5 19. Ra5 Rb6 20. Nd3
Bxd3 21. Kxd3 a6 22. Rc1 Ra8 23. Rcc5 Rb5 24. Kc3 e4 25. b4 Rxa5 26. Rxa5 Kc7
27. Rc5 Kb6 28. a4 f5 29. Kb3 g5 30. b5 axb5 31. axb5 cxb5 32. Rxd5 Rf8 33. Kb4
h6 34. Rd6+ Kc7 35. Rxh6 f4 36. Rh5 fxe3 37. fxe3 g4 38. Rg5 Rh8 39. Rxg4 Rxh2
40. Kxb5 Kd6 41. Kc4 Rh5 42. Rxe4 Rg5 43. g4 1-0

[Event "Quebec-ch classe U2000"]
[Site "Repentigny CAN"]
[Date "2003.11.22"]
[Round "2"]
[White "Poirier, Erik"]
[Black "Deschesnes, Jean"]
[Result "1-0"]
[WhiteElo "1985"]
[BlackElo "1761"]
[PlyCount "103"]
[EventDate "2003.11.21"]
[EventType "swiss"]
[EventRounds "5"]
[EventCountry "CAN"]

1. d4 c5 2. d5 d6 3. c4 b5 4. cxb5 a6 5. e4 Nf6 6. Nc3 g6 7. bxa6 Bg7 8. Nf3
O-O 9. Be2 Qb6 10. O-O Bxa6 11. Re1 Nbd7 12. Bxa6 Rxa6 13. h3 Rb8 14. Re2 Ne8
15. Bg5 Kf8 16. Qd2 Qxb2 17. Qxb2 Rxb2 18. Rxb2 Bxc3 19. Bh6+ Kg8 20. Rb7 Bxa1
21. Rxd7 Bg7 22. Bxg7 Kxg7 23. Rxe7 Nf6 24. Ng5 Kg8 25. f3 Rxa2 26. Rxf7 Nxd5
27. exd5 h6 28. Rf6 hxg5 29. Rxg6+ Kf7 30. Rxd6 c4 31. Rc6 Rc2 32. Kh2 c3 33.
Kg3 Ke7 34. f4 gxf4+ 35. Kxf4 Rxg2 36. Rxc3 Rd2 37. Ke4 Kd7 38. Rd3 Re2+ 39.
Kf4 Kd6 40. h4 Rh2 41. Kg5 Rg2+ 42. Kh6 Rg1 43. h5 Rg2 44. Kh7 Rg1 45. h6 Rg2
46. Kh8 Rg1 47. h7 Rg2 48. Ra3 Kxd5 49. Ra8 Ke6 50. Rg8 Rh2 51. Kg7 Rg2+ 52.
Kf8 1-0

[Event "Quebec-ch classe U2000"]
[Site "Repentigny CAN"]
[Date "2003.11.22"]
[Round "2"]
[White "Rivest, Jean-Michel"]
[Black "Levesque, Claude"]
[Result "1-0"]
[WhiteElo "1929"]
[BlackElo "1804"]
[PlyCount "79"]
[EventDate "2003.11.21"]
[EventType "swiss"]
[EventRounds "5"]
[EventCountry "CAN"]

1. e4 g6 2. d4 Bg7 3. Nc3 d6 4. Be3 Nf6 5. Qd2 c6 6. Nf3 Nbd7 7. Bh6 Bxh6 8.
Qxh6 e6 9. e5 dxe5 10. dxe5 Ng4 11. Qf4 h5 12. h3 Nh6 13. O-O-O Qe7 14. Ne4 Nf5
15. Be2 h4 16. g4 Nh6 17. Nd6+ Kf8 18. Qd2 Nb6 19. Nd4 Bd7 20. Nb3 Kg7 21. f4
Rad8 22. Nxb7 Rb8 23. Nd6 Rhd8 24. Bd3 Nd5 25. Rde1 Nb4 26. Kb1 Nxd3 27. cxd3
Kh7 28. Qf2 f6 29. Qxh4 g5 30. fxg5 fxg5 31. Qg3 Be8 32. Nc5 Bg6 33. Nce4 Qg7
34. Nxg5+ Kg8 35. Nxe6 Qh7 36. Nxd8 Rxd8 37. Ne4 Qb7 38. Ka1 Rb8 39. Rh2 Kg7
40. Qf4 1-0

[Event "Quebec-ch classe U2000"]
[Site "Repentigny CAN"]
[Date "2003.11.22"]
[Round "2"]
[White "Rodriguez, Herver"]
[Black "Gilbert, Erick"]
[Result "0-1"]
[WhiteElo "1848"]
[BlackElo "1949"]
[PlyCount "100"]
[EventDate "2003.11.21"]
[EventType "swiss"]
[EventRounds "5"]
[EventCountry "CAN"]

1. e4 c5 2. Nf3 Nc6 3. d4 cxd4 4. Nxd4 g6 5. Nc3 Bg7 6. Be3 Nf6 7. f3 O-O 8.
Qd2 d5 9. O-O-O dxe4 10. fxe4 Bg4 11. Be2 Nxd4 12. Bxd4 Bxe2 13. Qxe2 Qa5 14.
g4 Qg5+ 15. Kb1 Qxg4 16. Qxg4 Nxg4 17. Bxg7 Kxg7 18. Rd7 e6 19. Rxb7 Rfb8 20.
Rd7 Rd8 21. Rc7 Rdc8 22. Rd7 Ne5 23. Rb7 Rab8 24. Rxb8 Rxb8 25. Rd1 Rb7 26. Na4
Nf3 27. h3 Ng5 28. Nc5 Rb5 29. h4 Rxc5 30. hxg5 Rxg5 31. c4 Rc5 32. Rc1 a5 33.
b3 Kf6 34. a3 Ke5 35. Rf1 Rc7 36. Re1 Kd4 37. Kb2 h5 38. e5 Rc5 39. Rf1 Rxe5
40. Rxf7 h4 41. Rd7+ Kc5 42. Rc7+ Kb6 43. Rh7 Rh5 44. Rg7 Rh6 45. b4 axb4 46.
axb4 h3 47. c5+ Kc6 48. Re7 g5 49. Ra7 h2 50. Ra6+ Kc7 0-1